Franceses, protestantes, turcos: los españoles ante la política internacional de Carlos V
Gardado en:
| Autor Principal: | |
|---|---|
| Formato: | Libro |
| Idioma: | Lingua castelá |
| Publicado: |
Madrid, España
Escuela de Historia Moderna
1951
|
| Series: | Monografías de Historia Moderna,
29 |
| Subjects: | |
| Tags: |
Engadir etiqueta
Sen Etiquetas, Sexa o primeiro en etiquetar este rexistro!
|
MARC
| LEADER | 00000nam a2200000 a 4500 | ||
|---|---|---|---|
| 001 | UCO1626 | ||
| 003 | CL-VaPUC | ||
| 005 | 20201106001246.0 | ||
| 008 | 000519e19510000SP |||||||||||||||||spa|d | ||
| 999 | |c 288231 |d 288229 | ||
| 040 | |c Pontificia Universidad Católica de Valparaíso | ||
| 082 | 0 | 4 | |a 327.46 SAN 1951 |2 21 |
| 100 | 0 | |a Sánchez Montes, Juan |e author |9 443991 | |
| 245 | 1 | 0 | |a Franceses, protestantes, turcos: |b los españoles ante la política internacional de Carlos V |
| 260 | |a Madrid, España |b Escuela de Historia Moderna |c 1951 | ||
| 300 | |a 167 páginas | ||
| 490 | 0 | |a Monografías de Historia Moderna, |v 29 | |
| 583 | |a last modification |c 20160817 04:48:10 |k Rodrigo Vera | ||
| 600 | 0 | 7 | |a CARLOS V |2 CL-VaPUC |9 349626 |z ESPAÑA |
| 650 | 7 | |a DIPLOMACIA ESPAÑOLA |2 CL-VaPUC |9 443992 | |
| 650 | 0 | |a Relaciones Internacionales |z ESPAÑA |z FRANCIA |z TURQUIA |9 255740 | |
| 650 | 7 | |a HISTORIA POLITICA |2 CL-VaPUC |9 443993 |y SIGLO 16 |z ESPAÑA | |
| 852 | |a BIBCUR | ||
| 942 | |c BK |2 ddc | ||
| 945 | |d 20000519 00:00:00 |a rherrera | ||
| 952 | |0 0 |1 0 |2 ddc |4 0 |6 327_460000000000000_SAN_1951 |7 0 |8 A |9 335779 |a BIBHIS |b BIBHIS |d 2019-11-20 |i 1281607 |o 327.46 SAN 1951 |p 1281607 |r 2025-01-20 |t 1 |w 2019-11-20 |y BK |k HIS | ||
| 952 | |0 0 |1 0 |2 ddc |4 0 |6 327_460000000000000_SAN_1951 |7 0 |8 A |9 335780 |a BIBHIS |b BIBHIS |d 2019-11-20 |i 1202014 |o 327.46 SAN 1951 |p 1202014 |r 2025-01-20 |t 2 |w 2019-11-20 |y BK |k HIS | ||